How much Physics you know / (Record no. 198644)

MARC details
000 -LEADER
fixed length control field 00520nam a22001817a 4500
005 - DATE AND TIME OF LATEST TRANSACTION
control field 20230929162449.0
010 ## - LCCN (DPL NO)
LC control number ENG-138031
020 ## - INTERNATIONAL STANDARD BOOK NUMBER
International Standard Book Number 9788179261743
Terms of availability 150.00
035 ## - SYSTEM CONTROL NUMBER
System control number EN-121563
037 ## - SOURCE OF ACQUISITION
Source of stock number/acquisition DBAD/PUB
082 ## - DEWEY DECIMAL CLASSIFICATION NUMBER
Classification number 540
100 ## - MAIN ENTRY--PERSONAL NAME
Personal name Ghosh, Samir kumar
245 ## - TITLE STATEMENT
Title How much Physics you know /
Statement of responsibility, etc Samir kumar Ghosh
260 ## - PUBLICATION, DISTRIBUTION, ETC. (IMPRINT)
Place of publication, distribution, etc Kolkata
Name of publisher, distributor, etc Best Books
Date of publication, distribution, etc 2015
270 ## - ADDRESS
Address 15 wards institution street
City Kolkata
Postal code 700006
300 ## - PHYSICAL DESCRIPTION
Extent 184p.
Dimensions 21cm(pbk)
942 ## - ADDED ENTRY ELEMENTS (KOHA)
Source of classification or shelving scheme Dewey Decimal Classification
Item type English Books
Classification part 540
Call number suffix GHO
Holdings
Withdrawn status Lost status Not for loan Collection code Home library Current library Date acquired Source of acquisition Cost, normal purchase price Full call number Barcode Copy number Cost, replacement price Koha item type
      Non-fiction Patel Nagar Patel Nagar 29/09/2023 DBAD 150.00 500 GHO EN-121563 1 150.00 English Books

© Delhi Public Library
Hit Counter
free hit counter